| 000 | 00992nam a22003017a 4500 | ||
|---|---|---|---|
| 003 | CHAP | ||
| 005 | 20220329134207.0 | ||
| 008 | 971013s1975 inua r 00010 eng d | ||
| 010 | _a16774 | ||
| 011 | _a17746 | ||
| 035 | _a21830 | ||
| 040 | _cCHAP | ||
| 082 | 0 | 4 |
_a634 _bJ3 |
| 100 | 0 | 0 |
_aJanick, Jules. _961050 |
| 245 | 1 | 0 |
_aAdvances in fruit breading _c/por Jules Janick |
| 260 |
_aWest Lafayette, Indiana : _bPurdue University, _c1975 |
||
| 300 |
_a623 p. : _bilus. |
||
| 590 |
_aBATCH-UPD _b10 _c20130110 _lUCH01 _h1104 |
||
| 590 |
_aCONVERSION _b10 _c20130109 _lUCH01 _h1310 |
||
| 650 | 1 | 4 |
_aFruticultura. _943684 |
| 700 | 0 |
_aMoore, James N. _978074 |
|
| 901 | _aBK | ||
| 942 | _cLIBRO | ||
| 949 |
_a634 J3 _bBC _cLIBRO _d-50794 _eLIBRO _fc.4 _h57057 _i21830 _si |
||
| 949 |
_a634 J3 _bBC _cLIBRO _d33724000201612 _eLIBRO _h57054 _i21830 _si |
||
| 949 |
_a634 J3 _bBC _cLIBRO _d33724000201620 _eLIBRO _fc.3 _h57056 _i21830 _si |
||
| 949 |
_a634 J3 _bBC _cLIBRO _d33724000201638 _eLIBRO _fc.2 _h57055 _i21830 _si |
||
| 999 |
_c16774 _d16774 |
||